Detalles MARC
| 000 -LIDER |
| fixed length control field |
02392nam a2200289 u 4500 |
| 001 - NÚMERO DE CONTROL |
| Identificador de número de control |
|
| 003 - IDENTIFICACDOR DE NÚMERO DE CONTROL |
| control field |
DO-SdBNP |
| 005 - DATE AND TIME OF LATEST TRANSACTION |
| control field |
20251013140733.0 |
| 008 - ELEMENTOS DE LONGITUD FIJA |
| fixed length control field |
090710s2007 dr r 000 0 spa d |
| 020 ## - ISBN |
| International Standard Book Number |
9789945421378 |
| 040 ## - FUENTE DE CATALOGACIÓN |
| Agencia que crea de manera original el registro |
DO-SdBNP |
| Idioma de catalogación |
spa |
| Agencia que realiza la transcripción |
BPMSU |
| 082 ## - NÚMERO DE CLASIFICACIÓN DECIMAL DE DEWEY |
| Classification number |
972.9304 |
| Item number |
M516c, 2007 |
| Edition number |
22 |
| 100 1# - ASIENTO PRINCIPAL -- NOMBRE PERSONAL |
| Nombre personal |
Mejía Ricart, Gustavo Adolfo, |
| Fechas asociadas con el nombre |
1893-1962 |
| 245 10 - MENCIÓN DE TITULO |
| Título |
Crítica de nuestra historia moderna : |
| Subtítulo |
primer período del estado libre en la parte española de la isla de Santo Domingo / |
| Mención de responsabilidad |
Gustavo Adolfo Mejía Ricart. |
| 250 ## - MENCIÓN DE EDICION |
| Mención de edición |
2a. ed. |
| 260 ## - PUBLICACIÓN, DISTRIBUCIÓN, ETC. (PIE DE IMPRENTA) |
| Lugar de publicación, distribución, etc |
Santo Domingo : |
| Nombre del editor, distribuidor, etc. |
BanReservas ; |
| -- |
Sociedad Dominicana de Bibliófilos, |
| Fecha de publicación, distribución, etc |
2007. |
| 300 ## - DESCRIPCIÓN FÍSICA |
| Extensión |
230 p. ; |
| Dimensiones |
22 cm. |
| 490 0# - MENCIÓN DE SERIES |
| Mención de serie |
Bibliófilos-BanReservas |
| Volume/sequential designation |
3 |
| 500 ## - NOTA GENERAL |
| Nota general |
Incluye índice onomástico. |
| 500 ## - NOTA GENERAL |
| Nota general |
Incluye refencias bibliográficas y notas al pie de las páginas |
| 505 0# - NOTA DE CONTENIDO |
| Título |
Presentación / |
| Mención de responsabilidad |
Daniel Toribio -- |
| Título |
Exordio / |
| Mención de responsabilidad |
Mariano Mella -- |
| Título |
Introducción a la segunda edición de la obra "Crítica de nuestra historia moderna :primer período del Estado libre en la parte española de la isla de Santo Domingo" de Gustavo Adolfo Mejía Ricart / |
| Mención de responsabilidad |
María Filomena González Canalda -- |
| Texto normalizado de contenido |
Estado independiente de Haití español -- |
| Información miscelánea |
Preámbulo -- |
| Título |
Por dónde tiene que empezar el estudio de nuestra historia moderna ? |
| -- |
El gobierno de los setenta días -- |
| -- |
La discutida personalidad del licenciado Núñez de Cáceres-- |
| -- |
El criterio que debe mantener la crítica racional acerca del hecho histórico -- |
| -- |
Los últimos días del emancipador, y sus andanzas en América -- |
| -- |
Precedentes de la independencia efímera de este período -- |
| -- |
No entró el dominio de la historia el hecho político de la unión a Colombia -- |
| -- |
El linaje dominicano del general Simón Bolivar, y la culpa del desamparo a nuestra patria que se le achaca por parte de algunos de nuestros historiadores y publicistas. |
| Información miscelánea |
Apéndices |
| Título |
Declaratoria de Independencia del Pueblo Dominicano -- |
| -- |
Acta constitutiva del gobierno provisional del Estado independiente de la parte espoñola de Haití -- |
| -- |
Acta de la sesión del 4 de diciembre de 1821 de la Junta Provisional de Gobierno del Estado Independiente de Hayti español -- |
| -- |
Índice onomástico. |
| 590 ## - NOTA LOCAL |
| Enlace |
inventariado, 2021/VM |
| 651 #4 - ENCABEZAMIENTO DE MATERIA--NOMBRE GEOGRÁFICO |
| Nombre geográfico |
República Dominicana |
| Subdivisión temática general |
Presidente (1821: Cáceres ) |
| 651 #4 - ENCABEZAMIENTO DE MATERIA--NOMBRE GEOGRÁFICO |
| Nombre geográfico |
República Dominicana |
| Subdivisión temática general |
Historia |
| Subdivisión cronológica |
1844-1861 |
| 910 ## - VALIDACIÓN |
| Validación |
VMateo V. |
| 942 ## - ADDED ENTRY ELEMENTS (KOHA) |
| Source of classification or shelving scheme |
Dewey Decimal Classification |
| Koha item type |
Libros |